Score 0/9 Timer 04:00
11 Plays Today
% Correct
California
1,492
96.4%
Texas
1,224
96.2%
Florida
986
92.7%
New York
767
88.9%
Pennsylvania
583
69.8%
Illinois
738
65.4%
Ohio
823
52.6%
Michigan
631
42.5%
Georgia
511
41.3%
Remove Ads.
Support Sporcle.
Get the best of Sporcle when you Go Orange. This ad-free experience offers more features, more stats, and more fun while also helping to support Sporcle. Thank you for becoming a member.

You're not logged in!

Compare scores with friends on all Sporcle quizzes.
OR
Log In

Show Comments

Extras

Top Quizzes Today


Score Distribution

Your Account Isn't Verified!

In order to create a playlist on Sporcle, you need to verify the email address you used during registration. Go to your Sporcle Settings to finish the process.

Report this User

Report this user for behavior that violates our Community Guidelines.

Details: